ბათუმის შოთა რუსთაველის სახელმწიფო უნივერსიტეტის ბიბლიოთეკა

ფილოსოფიური ძიებანი. კრებული 13 (ბიბ.ჩანაწერი № 36595)

000 -LEADER
fixed length control field 00663nam a2200217Ia 4500
001 - CONTROL NUMBER
control field 2514
003 - CONTROL NUMBER IDENTIFIER
control field GE_BSU
008 - FIXED-LENGTH DATA ELEMENTS--GENERAL INFORMATION
fixed length control field 181216s||||||||xx |||||||||||||| ||und||
040 ## - CATALOGING SOURCE
Transcribing agency GE_BSU
080 ## - UNIVERSAL DECIMAL CLASSIFICATION NUMBER
Universal Decimal Classification number 1(479.22)
245 ## - TITLE STATEMENT
Title ფილოსოფიური ძიებანი. კრებული 13
245 ## - TITLE STATEMENT
Remainder of title კრებული მე–13
245 ## - TITLE STATEMENT
Statement of responsibility, etc. [რედ. სერგი ავალიანი].
260 ## - PUBLICATION, DISTRIBUTION, ETC.
Place of publication, distribution, etc. თბილისი
260 ## - PUBLICATION, DISTRIBUTION, ETC.
Name of publisher, distributor, etc. უნივერსალი
260 ## - PUBLICATION, DISTRIBUTION, ETC.
Date of publication, distribution, etc. 2009
300 ## - PHYSICAL DESCRIPTION
Extent 458 გვ.
653 ## - INDEX TERM--UNCONTROLLED
Uncontrolled term ფილოსოფიური ძიებანი.
942 ## - ADDED ENTRY ELEMENTS (KOHA)
Koha item type წიგნი
ეგზემპლარები
Withdrawn status Lost status Damaged status Not for loan Date acquired Barcode Date last seen Price effective from Koha item type
        2018-12-17 1777 2018-12-17 2018-12-17 წიგნი